Score 0/16 Timer 03:00
0 Plays Today
% Correct
Ham (Germany)
93.9%
Edin (Scotland)
93.4%
Luxem (country)
91.3%
St. Peters (Russia or Florida)
88.4%
Johannes (South Africa)
88.3%
Pitts (Pennsylvania)
87.2%
Carls (Danish beer)
84.5%
Salz (Austria)
84.2%
% Correct
Gettys (Pennsylvania)
83.4%
Stras (France)
81.9%
Heidel (Germany)
76%
Nürn (Germany)
76%
Göte (Sweden)
70.4%
Witten (Germany)
62%
Tu (Danish beer)
61.9%
Vicks (Mississippi)
61.1%

You're not logged in!

Compare scores with friends on all Sporcle quizzes.
OR
Log In

From the Vault

'Beverly Hillbillies' Theme Song Lyrics

by slipkid

Sadly,'There Will Be Blood' sort of put a damper on the hilarity of owning an oil well.
Remove Ads.
Support Sporcle.
Get the best of Sporcle when you Go Orange. This ad-free experience offers more features, more stats, and more fun while also helping to support Sporcle. Thank you for becoming a member.

Show Comments

Extras

Created Dec 20, 2017ReportNominate
Tags:Clickable Quiz, etc, Suffix

Top Quizzes Today


Score Distribution

Your Account Isn't Verified!

In order to create a playlist on Sporcle, you need to verify the email address you used during registration. Go to your Sporcle Settings to finish the process.

Report this User

Report this user for behavior that violates our Community Guidelines.

Details: